000 00767nam a2200229 i 4500
001 C2-0240396
003 PPAK
005 20180727203035.0
008 020725s2001 my |||| ||||| | may d
040 _aPPAK
_beng
_cPPAK
_erda
082 0 4 _a899.2309
_223
090 0 0 _a899.2309
_bKAJ
_dKAA
245 0 0 _aKajian dan kritikan Sastera Malaysia :
_bsatu bibliografi awal
264 1 _aKuala Lumpur :
_bPusat Dokumentasi Melayu, Dewan Bahasa dan Pustaka ,
_c2001
300 _a30 pages ;
_c25 cm
336 _2rdacontent
_atext
337 _2rdamedia
_aunmediated
338 _2rdacarrier
_avolume
650 1 0 _aMalay literature - Bibliography. ; Malay literature - History and criticism.
700 0 _aChe Ros Rahim ; Kamariah Abu Samah,
_ecompile
942 _ddc
_cB
999 _c55568
_d55568